Kirtan puthir rasbisar (Record no. 4173)

MARC details
000 -LEADER
fixed length control field 00495cam a2200205ua 4500
001 - CONTROL NUMBER
control field 4362
005 - DATE AND TIME OF LATEST TRANSACTION
control field 20260515113823.0
008 - FIXED-LENGTH DATA ELEMENTS--GENERAL INFORMATION
fixed length control field 111224n ii |||gr||||Z||||||asm
020 ## - INTERNATIONAL STANDARD BOOK NUMBER
International Standard Book Number 81-85921-05-9
040 ## - CATALOGING SOURCE
Transcribing agency MAIN
082 ## - DEWEY DECIMAL CLASSIFICATION NUMBER
Classification number 294.592
100 1# - MAIN ENTRY--PERSONAL NAME
Personal name Gohain, Hiren,
245 11 - TITLE STATEMENT
Title Kirtan puthir rasbisar
Statement of responsibility, etc. by Hiren Gohain
250 ## - EDITION STATEMENT
Edition statement 4th.
260 ## - PUBLICATION, DISTRIBUTION, ETC.
Place of publication, distribution, etc. Guwahati:
Name of publisher, distributor, etc. Lawyers book stall,995.
300 ## - PHYSICAL DESCRIPTION
Extent 53p:
Dimensions 23cm.
653 ## - INDEX TERM--UNCONTROLLED
Uncontrolled term Religion
653 ## - INDEX TERM--UNCONTROLLED
Uncontrolled term Kirtan puthir rasbisar
942 ## - ADDED ENTRY ELEMENTS (KOHA)
Koha item type Books
Holdings
Withdrawn status Lost status Damaged status Not for loan Home library Current library Shelving location Date acquired Total checkouts Full call number Barcode Date last seen Copy number Price effective from Koha item type
        Naharkatiya College Library Naharkatiya College Library General stacks 09/19/2020   294.592 | GOH 9235 09/19/2020 1 09/19/2020 Books
        Naharkatiya College Library Naharkatiya College Library General stacks 09/19/2020   294.592 | GOH 9692 09/19/2020 4 09/19/2020 Books
        Naharkatiya College Library Naharkatiya College Library General stacks 09/19/2020   294.592 | GOH 9693 09/19/2020 3 09/19/2020 Books
        Naharkatiya College Library Naharkatiya College Library General stacks 09/19/2020   294.592 | GOH 9694 09/19/2020 2 09/19/2020 Books